00301nam a2200109Ia 4500008004100000041000800041082001200049100002300061245003200084260005100116300002400167240624s9999 xx 000 0 und d aeng a823 DOY aDOYLE ARTHUR CONAN aCOMPLETE SHERLOCK HOLMES II c2002aNew DelhibIndialog Publishing Pvt. Ltd. a197 : p. : cm. ; 18